| 000 | 01084nam a22003257a 4500 | ||
|---|---|---|---|
| 003 | CHAP | ||
| 005 | 20220329135450.0 | ||
| 008 | 971013s1944 r 00010 d | ||
| 010 | _a36967 | ||
| 011 | _a37939 | ||
| 035 | _a42059 | ||
| 040 | _cCHAP | ||
| 082 |
_a632.72 _bP37 |
||
| 100 | 0 | 0 |
_aParker, J. R. _985592 |
| 245 | _aGrasshopper control in the American nations | ||
| 260 |
_aMéxico : _bComité Permamente de la Segunda Conferencia Interamericana de Agricultura, _c1944 |
||
| 300 | _a22 p. | ||
| 490 | _aPublicaciones. Sección 3a. | ||
| 590 |
_aBATCH-UPD _b10 _c20130110 _lUCH01 _h1142 |
||
| 590 |
_aBATCH-UPD _b10 _c20130410 _lUCH01 _h0728 |
||
| 590 |
_aBATCH-UPD _b10 _c20130914 _lUCH01 _h0024 |
||
| 590 |
_aCONVERSION _b10 _c20130109 _lUCH01 _h1321 |
||
| 650 | 1 | 4 |
_aAgricultura _xPlagas. _91764 |
| 650 | 1 | 4 |
_aLangosta como plaga. _964759 |
| 830 | 0 |
_aPublicaciones. Sección 3a. _992739 |
|
| 901 | _aBK | ||
| 942 | _cLIBRO | ||
| 949 |
_a632.72 P37 _bBC _cLIBRO _d-96590 _eLIBRO _h23140 _i42059 _mD _si |
||
| 949 |
_a632.72 P37 _bBC _cLIBRO _d-96591 _eLIBRO _fc.2 _h23141 _i42059 _mD _si |
||
| 999 |
_c36967 _d36967 |
||